000 00505nam a2200181Ia 4500
003 OSt
005 20240325145826.0
008 210210b1939 xxu||||| |||| 00| 0 eng d
040 _cAL
041 _akan
082 _a854/329
100 _aSHIVAMURTI SHASTRI ಶಿವಮೂರ್ತಿ ಶಾಸ್ತ್ರೀ
_9146901
245 _aSharana sahitya:
_bಶರಣ ಸಾಹಿತ್ಯ
260 _aBengaluru
_b-
_c1939
690 _aKannada Criticism
_9146902
906 _a020177
942 _2ddc
_cBK
999 _c144329
_d144329